[Event "SVK-chT2D 0809"]
[Site "Slovakia"]
[Date "2009.01.10"]
[Round "7.4"]
[White "Krajnak, Juraj"]
[Black "Turzak, Milan"]
[Result "0-1"]
[WhiteElo "2162"]
[BlackElo "2010"]
[PlyCount "118"]
[EventDate "2008.10.11"]
[EventType "team-tourn"]
[EventRounds "11"]
[EventCountry "SVK"]
[SourceTitle "EXT 2010"]
[Source "ChessBase"]
[SourceDate "2010.11.25"]
[SourceVersion "1"]
[SourceVersionDate "2010.11.25"]
[SourceQuality "1"]
[WhiteTeam "Kezmarok KdV II"]
[BlackTeam "Gelnica Slovan"]
[WhiteTeamCountry "SVK"]
[BlackTeamCountry "SVK"]

1. e4 e5 2. Nf3 Nf6 3. Nc3 Nc6 4. d4 exd4 5. Nxd4 Bb4 6. Nxc6 bxc6 7. Bd3 h6 8. 0-0 0-0 9. Ne2 Re8 10. Ng3 d6 11. h3 d5 12. Qf3 Nd7 13. exd5 Ne5 14. Qe4 Nxd3 15. Qxd3 cxd5 16. Bf4 Be6 17. Be5 f6 18. Bf4 Qd7 19. Rfd1 c6 20. Nh5 Bf7 21. Ng3 Re6 22. Qf3 Rae8 23. Bxh6 Bg6 24. Rd4 Re1+ 25. Rxe1 Rxe1+ 26. Kh2 Bd6 27. Rh4 gxh6 28. Rxh6 Kg7 29. Rh4 Qf5 30. Qa3 Bxa3 31. Nxf5+ Bxf5 32. bxa3 Re2 33. Rf4 Be6 34. c3 Rxa2 35. Ra4 Kg6 36. Rxa7 Rc2 37. Re7 Bf7 38. Re3 c5 39. Kg3 Ra2 40. h4 Rxa3 41. Kf4 d4 42. cxd4 Ra4 43. Rd3 Rxd4+ 44. Rxd4 cxd4 45. g4 Bd5 46. f3 Bc6 47. Kg3 d3 48. Kf2 d2 49. Ke2 Bxf3+ 50. Kxd2 Bxg4 51. Ke3 Kf5 52. Kf2 Kf4 53. Kg1 Kg3 54. Kh1 f5 55. h5 Bxh5 56. Kg1 f4 57. Kf1 f3 58. Kg1 f2+ 59. Kf1 Be8 0-1

[Event "SVK-chT2D 0809"]
[Site "Slovakia"]
[Date "2008.11.09"]
[Round "4.5"]
[White "Fedorko, Martin"]
[Black "Turzak, Milan"]
[Result "1/2-1/2"]
[WhiteElo "2004"]
[BlackElo "2010"]
[PlyCount "66"]
[EventDate "2008.10.11"]
[EventType "team-tourn"]
[EventRounds "11"]
[EventCountry "SVK"]
[SourceTitle "EXT 2010"]
[Source "ChessBase"]
[SourceDate "2010.11.25"]
[SourceVersion "1"]
[SourceVersionDate "2010.11.25"]
[SourceQuality "1"]
[WhiteTeam "Kosice Akademik"]
[BlackTeam "Gelnica Slovan"]
[WhiteTeamCountry "SVK"]
[BlackTeamCountry "SVK"]

1. e4 e5 2. Nf3 Nf6 3. Nxe5 d6 4. Nf3 Nxe4 5. Nc3 Nxc3 6. dxc3 Nc6 7. Be3 Be7 8. Qd2 h6 9. 0-0-0 Be6 10. a3 Bf6 11. h3 Qd7 12. Bb5 a6 13. Bd3 0-0-0 14. Qe2 Rde8 15. Rhe1 g5 16. Qf1 Ne5 17. Nxe5 Bxe5 18. Ba7 Qa4 19. Re4 Qc6 20. Bd4 Bd5 21. Bxe5 dxe5 22. Rb4 Bxg2 23. Bf5+ Kb8 24. Bd7 Qxd7 25. Qxg2 Qc8 26. Re1 f5 27. Qd5 c6 28. Qa5 Ka8 29. Rxe5 Rxe5 30. Qxe5 Rd8 31. Rd4 Rxd4 32. Qxd4 Qf8 33. Kd2 Kb8 1/2-1/2

[Event "SVK-chT2D 0809"]
[Site "Slovakia"]
[Date "2008.11.08"]
[Round "3.6"]
[White "Turzak, Milan"]
[Black "Hujo, Jozef"]
[Result "0-1"]
[WhiteElo "2010"]
[BlackElo "2087"]
[PlyCount "114"]
[EventDate "2008.10.11"]
[EventType "team-tourn"]
[EventRounds "11"]
[EventCountry "SVK"]
[SourceTitle "EXT 2010"]
[Source "ChessBase"]
[SourceDate "2010.11.25"]
[SourceVersion "1"]
[SourceVersionDate "2010.11.25"]
[SourceQuality "1"]
[WhiteTeam "Gelnica Slovan"]
[BlackTeam "Michalovce Zemplin II"]
[WhiteTeamCountry "SVK"]
[BlackTeamCountry "SVK"]

1. e4 c6 2. d4 d5 3. Nc3 dxe4 4. Nxe4 Bf5 5. Ng3 Bg6 6. Nf3 Nd7 7. Bd3 Ngf6 8. 0-0 Qc7 9. c4 e6 10. Re1 Be7 11. Bg5 0-0 12. Bxg6 hxg6 13. Qc2 Nb6 14. Rad1 Rad8 15. Qc1 c5 16. Bf4 Bd6 17. dxc5 Bxf4 18. cxb6 Bxc1 19. bxc7 Rxd1 20. Rxd1 Bf4 21. Ng5 Bxc7 22. N3e4 Nxe4 23. Nxe4 Rc8 24. b3 Kf8 25. Kf1 Ke7 26. h3 Be5 27. Ke2 f5 28. Ng5 Bf6 29. Nf3 e5 30. Rd5 Ke6 31. g4 e4 32. Nd2 Rh8 33. f3 exf3+ 34. Nxf3 Rxh3 35. g5 Be7 36. Nd4+ Kf7 37. Rd7 Rh2+ 38. Kd3 Ke8 39. Rxb7 Bxg5 40. Rxg7 Rd2+ 41. Kc3 Rxd4 42. Rxg6 Rg4 43. Rg8+ Kd7 44. Ra8 Be3 45. b4 Rg3 46. Kc2 Rg7 47. Kd3 Re7 48. a4 f4 49. c5 Kc6 50. Rf8 a5 51. Rf6+ Kd5 52. Rd6+ Ke5 53. Kc4 axb4 54. a5 f3 55. Rd5+ Ke4 56. c6 f2 57. Rd1 Rc7 0-1

[Event "SVK-chT2D 0809"]
[Site "Slovakia"]
[Date "2008.10.11"]
[Round "1.2"]
[White "Turzak, Milan"]
[Black "Vrbova, Niki"]
[Result "1-0"]
[WhiteElo "2010"]
[BlackElo "2191"]
[PlyCount "87"]
[EventDate "2008.10.11"]
[EventType "team-tourn"]
[EventRounds "11"]
[EventCountry "SVK"]
[SourceTitle "EXT 2010"]
[Source "ChessBase"]
[SourceDate "2010.11.25"]
[SourceVersion "1"]
[SourceVersionDate "2010.11.25"]
[SourceQuality "1"]
[WhiteTeam "Gelnica Slovan"]
[BlackTeam "Kosice Slavia UPJS III"]
[WhiteTeamCountry "SVK"]
[BlackTeamCountry "SVK"]

1. e4 e5 2. Nf3 Nc6 3. Bc4 Nf6 4. Ng5 d5 5. exd5 Na5 6. Bb5+ c6 7. dxc6 bxc6 8. Qf3 Bd7 9. Bd3 Be7 10. b3 0-0 11. Bb2 h6 12. Ne4 Nxe4 13. Qxe4 f5 14. Qe2 Bd6 15. c4 Qg5 16. Nc3 Nb7 17. 0-0-0 Nc5 18. Bc2 a5 19. h4 Qf6 20. Nb1 Ne6 21. g4 Nd4 22. Bxd4 exd4 23. g5 Qf7 24. gxh6 gxh6 25. Qf3 a4 26. h5 Kh7 27. Rh4 axb3 28. axb3 Qe7 29. Rdh1 Be5 30. Rg4 Ra7 31. Rg6 Be8 32. Rg2 Bd7 33. Rhg1 Qf7 34. Rg6 Raa8 35. Qd3 Rg8 36. f4 Bxf4 37. Qxd4 Bg5 38. Rd6 Be6 39. Qe5 Rae8 40. Rxe6 Bxd2+ 41. Kxd2 Rd8+ 42. Kc3 Rxg1 43. Re7 Rg3+ 44. Kb2 1-0

[Event "SVK-chT2D 0708"]
[Site "Slovakia"]
[Date "2008.03.12"]
[Round "11.1"]
[White "Matirko, Ervin"]
[Black "Turzak, Milan"]
[Result "0-1"]
[WhiteElo "1891"]
[BlackElo "1996"]
[PlyCount "114"]
[EventDate "2007.10.06"]
[EventType "team-tourn"]
[EventRounds "11"]
[EventCountry "SVK"]
[SourceTitle "EXT 2010"]
[Source "ChessBase"]
[SourceDate "2010.11.25"]
[SourceVersion "1"]
[SourceVersionDate "2010.11.25"]
[SourceQuality "1"]
[WhiteTeam "Kosice Dynamo"]
[BlackTeam "Gelnica Slovan"]
[WhiteTeamCountry "SVK"]
[BlackTeamCountry "SVK"]

1. d4 f5 2. c4 Nf6 3. Nc3 e6 4. g3 c6 5. Bg2 d5 6. cxd5 exd5 7. Nf3 Bd6 8. 0-0 0-0 9. Bg5 Nbd7 10. Rc1 Qe8 11. Qd2 Nh5 12. e3 Nb6 13. Ne2 Bd7 14. Bf4 Nxf4 15. Nxf4 Qe7 16. Nd3 Be6 17. Nfe5 Rfc8 18. Qe2 Nd7 19. Nxd7 Bxd7 20. f4 Be6 21. Ne5 Rc7 22. Rc2 Rac8 23. Rfc1 Qe8 24. Nd3 Kh8 25. Kh1 Re7 26. Ne5 Rec7 27. Nd3 Bf7 28. Bf3 Be6 29. Qg2 Qe7 30. Ne5 Rg8 31. Qh3 g5 32. Qf1 Qf6 33. Rf2 Rcg7 34. Re1 Qh6 35. Qe2 gxf4 36. exf4 Rxg3 37. Nxc6 bxc6 38. Bh5 R3g6 39. Bxg6 Rxg6 40. Qe3 Bd7 41. Rg1 Qh4 42. Rf3 Kg7 43. Rgf1 Kf7 44. Qe2 Rh6 45. R1f2 Re6 46. Qf1 Qe7 47. Rh3 h6 48. Kg2 Rg6+ 49. Rg3 Qe4+ 50. Kh3 Qxd4 51. Rd3 Qe4 52. Rb3 Bc8 53. Qc1 c5 54. Re3 Qd4 55. Qe1 Rg4 56. Re8 Bd7 57. Rd8 Qd3+ 0-1

[Event "SVK-chT2D 0708"]
[Site "Slovakia"]
[Date "2007.12.02"]
[Round "6.6"]
[White "Turzak, Milan"]
[Black "Rogos, Jan Jr"]
[Result "1/2-1/2"]
[WhiteElo "1996"]
[BlackElo "2103"]
[PlyCount "115"]
[EventDate "2007.10.06"]
[EventType "team-tourn"]
[EventRounds "11"]
[EventCountry "SVK"]
[SourceTitle "EXT 2010"]
[Source "ChessBase"]
[SourceDate "2010.11.25"]
[SourceVersion "1"]
[SourceVersionDate "2010.11.25"]
[SourceQuality "1"]
[WhiteTeam "Gelnica Slovan"]
[BlackTeam "Svit SO"]
[WhiteTeamCountry "SVK"]
[BlackTeamCountry "SVK"]

1. e4 c5 2. f4 e6 3. Nf3 d5 4. e5 Nh6 5. c3 Be7 6. Na3 0-0 7. Nc2 f6 8. d4 fxe5 9. dxe5 b6 10. g3 Nc6 11. Bh3 Nf5 12. Ne3 d4 13. Nxf5 exf5 14. 0-0 Be6 15. Qa4 Qc7 16. Bg2 Rad8 17. Ng5 Bxg5 18. Bxc6 Be7 19. Bd2 Rc8 20. Bf3 Rfd8 21. Rac1 dxc3 22. Bxc3 c4 23. Rcd1 Rd3 24. Rxd3 cxd3 25. Rd1 Rd8 26. a3 h6 27. Kg2 a5 28. h4 Qc5 29. Qc6 Qxc6 30. Bxc6 Bb3 31. Rd2 Bc5 32. Kf3 Kf7 33. h5 Be6 34. b4 axb4 35. axb4 Be7 36. Ke3 Bc4 37. Rb2 Rc8 38. Bd7 Ra8 39. Bxf5 Ra3 40. Kd4 b5 41. Bxd3 Bxd3 42. Kxd3 Ke6 43. g4 Kd5 44. Rd2 Bxb4 45. Kc2+ Kc5 46. Bxb4+ Kxb4 47. Re2 Kc5 48. e6 Kd6 49. Kb2 Ra7 50. Kb3 Ke7 51. Re4 Ra4 52. Rxa4 bxa4+ 53. Kxa4 Kxe6 54. Kb4 Kd5 55. Kc3 Ke4 56. g5 Kxf4 57. gxh6 gxh6 58. Kd3 1/2-1/2

[Event "SVK-chT2D 0708"]
[Site "Slovakia"]
[Date "2007.12.01"]
[Round "5.5"]
[White "Turzak, Milan"]
[Black "Recky, Norbert"]
[Result "0-1"]
[WhiteElo "1996"]
[BlackElo "1965"]
[PlyCount "74"]
[EventDate "2007.10.06"]
[EventType "team-tourn"]
[EventRounds "11"]
[EventCountry "SVK"]
[SourceTitle "EXT 2010"]
[Source "ChessBase"]
[SourceDate "2010.11.25"]
[SourceVersion "1"]
[SourceVersionDate "2010.11.25"]
[SourceQuality "1"]
[WhiteTeam "Gelnica Slovan"]
[BlackTeam "Spisska Nova Ves"]
[WhiteTeamCountry "SVK"]
[BlackTeamCountry "SVK"]

1. e4 c5 2. f4 d6 3. Nf3 Nc6 4. c3 e5 5. d4 exd4 6. cxd4 Bg4 7. d5 Nd4 8. Nbd2 Qa5 9. Kf2 Nxf3 10. gxf3 Bd7 11. Nc4 Qd8 12. h4 b5 13. Ne3 Nf6 14. e5 Nh5 15. Ng2 Be7 16. Bd3 0-0 17. Be3 g6 18. b3 Qc7 19. Re1 dxe5 20. f5 e4 21. fxe4 Qg3+ 22. Kf1 Bd6 23. Bf2 Qh2 24. Qf3 Rae8 25. Ke2 Bxf5 26. Kd2 Bh3 27. Rg1 Bxg2 28. Rxg2 Qf4+ 29. Qe3 f5 30. Re1 Nf6 31. Qxf4 Bxf4+ 32. Kc2 fxe4 33. Bxb5 e3 34. Bg3 Nh5 35. Bh2 Rd8 36. Bc4 Kg7 37. Ree2 Bxh2 0-1

[Event "SVK-chT2D 0708"]
[Site "Slovakia"]
[Date "2007.10.07"]
[Round "2.3"]
[White "Turzak, Milan"]
[Black "Mertens, Tomas"]
[Result "0-1"]
[WhiteElo "1996"]
[BlackElo "2044"]
[PlyCount "56"]
[EventDate "2007.10.06"]
[EventType "team-tourn"]
[EventRounds "11"]
[EventCountry "SVK"]
[SourceTitle "EXT 2010"]
[Source "ChessBase"]
[SourceDate "2010.11.25"]
[SourceVersion "1"]
[SourceVersionDate "2010.11.25"]
[SourceQuality "1"]
[WhiteTeam "Gelnica Slovan"]
[BlackTeam "Michalovce Zemplin II"]
[WhiteTeamCountry "SVK"]
[BlackTeamCountry "SVK"]

1. e4 e5 2. Nf3 Nc6 3. Bc4 Nf6 4. d4 exd4 5. e5 d5 6. Bb5 Ne4 7. Nxd4 Bd7 8. Nxc6 bxc6 9. Bd3 Nc5 10. Be2 f6 11. exf6 Qxf6 12. 0-0 Bd6 13. Bh5+ g6 14. Bg4 0-0 15. Bxd7 Nxd7 16. Nc3 Qh4 17. g3 Qh3 18. f4 Bc5+ 19. Kh1 Nf6 20. Qf3 Rae8 21. Bd2 Ng4 22. Qg2 Qh5 23. h4 Qf5 24. Rac1 Rf7 25. Na4 Rfe7 26. Rce1 Rxe1 27. Rxe1 Rxe1+ 28. Bxe1 Ne3 0-1